000 00472nam a2200193Ia 4500
005 20250423101732.0
008 250422s9999 xx 000 0 und d
020 _a9788131806975
050 _aTJ 1160 .G37/
100 _aGarg, S.K
245 0 _aWorkshop technology: manufacturing processes
250 _a4th ed.
260 _aIndia
260 _bUniversity science press
260 _c2018
300 _a542 p
650 _aMachine-shop practice.
942 _cBK
999 _c37120
_d37120